00000000nam 2200000zi 4500
0019.948466
003CaOODSP
00520251103145459
006m     o  d f      
007cr mn|||||||||
008250226t20252025onca    ob   f000 0 fre d
020 |a9780660760216
040 |aCaOODSP|bfre|erda|cCaOODSP
043 |an-cn---
0861 |aD97-3/40-111-2025F-PDF
24500|aAlgorithmes cryptographiques pour l'information NON CLASSIFIÉ, PROTÉGÉ A et PROTÉGÉ B.
250 |aVersion 4.
264 1|a[Ottawa] : |bCentre de la sécurité des télécommunications Canada = Communications Security Establishment Canada, |c[2025]
264 4|c©2025
300 |a1 ressource en ligne (1 page, 37 pages non numérotées) : |billustration en couleur.
336 |atexte|btxt|2rdacontent/fre
337 |ainformatique|bc|2rdamedia/fre
338 |aressource en ligne|bcr|2rdacarrier/fre
4901 |aPraticien·nes ; |vITSP.40.111
500 |aPublié aussi en anglais sous le titre : Cryptographic algorithms for UNCLASSIFIED, PROTECTED A, and PROTECTED B information.
500 |aMention de collection devrait être : Série praticiens.
504 |aComprend des références bibliographiques.
520 |a« La présente publication définit les algorithmes cryptographiques recommandés et les méthodes d'utilisation appropriées que les organisations peuvent mettre en œuvre pour protéger l'information sensible. Dans le cas des ministères et des organismes du gouvernement du Canada, les conseils offerts s'appliquent aux documents NON CLASSIFIÉ, PROTÉGÉ A et PROTÉGÉ B. Votre organisation se doit d'être en mesure de protéger l'information et les données sensibles pour assurer la prestation de programmes et de services. Une cryptographie adéquatement configurée fournit des mécanismes de sécurité servant à protéger la confidentialité, l'intégrité et l'authenticité de l'information. Plusieurs algorithmes peuvent s'avérer nécessaires pour satisfaire aux exigences de sécurité de votre organisation, et chaque algorithme doit être choisi et mis en œuvre de manière à respecter ces exigences » -- Vue d'ensemble, page [3].
650 6|aInformation sur l'État électronique|xAccès|xContrôle|zCanada.
650 6|aProtection de l'information (Informatique)|zCanada.
650 6|aChiffrement (Informatique)|zCanada.
650 6|aAlgorithmes.
7102 |aCentre de la sécurité des télécommunications (Canada), |eorganisme de publication.
7102 |aCentre canadien pour la cybersécurité, |eorganisme de publication.
77508|tCryptographic algorithms for UNCLASSIFIED, PROTECTED A, and PROTECTED B information.|w(CaOODSP)9.948467
795 |tAlgorithmes cryptographiques pour l'information non classifié, protégé A et protégé B.|b(Version 3)|w(CaOODSP)9.933077
830#0|aSérie praticiens (Centre de la sécurité des télécommunications (Canada))|vITSP.40.111.|w(CaOODSP)9.842850
85640|qPDF|s998 Ko|uhttps://publications.gc.ca/collections/collection_2025/cstc-csec/D97-3-40-111-2025-fra.pdf
8564 |qHTML|sS.O.|uhttps://www.cyber.gc.ca/fr/orientation/algorithmes-cryptographiques-linformation-non-classifie-protege-protege-b-itsp40111